000
00327nam a2200133Ia 4500
008
190216s9999||||xx |||||||||||||| ||und||
100
_a
"Robert. L Weber Kenneth V Manning , Marsh W. White"
245
0
_a
College Physics
250
_a
4th Ed.
260
_b
Mcgraw -hill
300
_a
740
650
_a
Physics
942
_c
BK
999
_c
32706
_d
32706